Pays les plus proches de Cameroun - Statistiques

Statistiques générales
  • Ce quiz a été pris 417 fois
  • Le résultat moyen est 17 sur 20
Statistiques - réponses
km pays % Correct
207 Rép dém Congo
99%
0 Congo
98%
86 Niger
98%
0 Nigeria
97%
0 Gabon
95%
0 Tchad
94%
0 République Centrafricaine
92%
763 Togo
90%
668 Bénin
89%
0 Guinée équatoriale
89%
1120 Mali
87%
733 Angola
86%
825 Ghana
86%
1252 Côte d'Ivoire
85%
739 Soudan
84%
861 Soudan du Sud
81%
973 Burkina Faso
79%
1103 Algérie
72%
273 Sao Tomé-et-Principe
71%
1064 Libye
65%
Aucun quiz correspondant
Distribution des résultats
% des personnes avec chaque résultat
Percentile par nombre de réponses
Votre historique - résultats
Vous n’avez pas pris ce quiz